000 00760nam a22002177a 4500
003 OSt
005 20250221171102.0
008 230926b ||||| |||| 00| 0 eng d
040 _c0
082 _aDPer 379.1 J826 Winter - Spring 2020 v. 45 n. 3-4
100 _aMartìnez, Davìd G.
_eauthor.
_949227
245 _aNevada /
_cDavìd G. Martìnez.
260 _aUnited States ;
_bUniversity of Illinois Press and Johns Hopkins University Press,
_cWinter 2020.
300 _avolume 45, pages 336-338.
500 _aJournal of Education Finance, v. 45 n. 3, pages 336-338, Winter 2020.
650 _aFinance.
_949228
650 _aBudget.
_949229
650 _aEducation.
_949230
700 _aMartìnez, Davìd G.
_eauthor.
_949227
942 _2ddc
_cPER
999 _c18242
_d18242